UNESCO General History of Africa. VII (Record no. 23682)
[ view plain ]
| 000 -LEADER | |
|---|---|
| fixed length control field | 00475nam a2200181Ia 4500 |
| 003 - CONTROL NUMBER IDENTIFIER | |
| control field | 0100 |
| 008 - FIXED-LENGTH DATA ELEMENTS--GENERAL INFORMATION | |
| fixed length control field | 130303s9999 xx 000 0 und d |
| 040 ## - CATALOGING SOURCE | |
| Transcribing agency | ARRUPELIB |
| 050 ## - LIBRARY OF CONGRESS CALL NUMBER | |
| Classification number | DT20.G452 1985 V.7 |
| 100 ## - MAIN ENTRY--PERSONAL NAME | |
| Personal name | Boahen, A. Adu |
| 245 ## - TITLE STATEMENT | |
| Title | UNESCO General History of Africa. VII |
| 245 ## - TITLE STATEMENT | |
| Remainder of title | Africa Under Colonial Domination 1880-1935 |
| 260 ## - PUBLICATION, DISTRIBUTION, ETC. (IMPRINT) | |
| Place of publication, distribution, etc | California |
| 260 ## - PUBLICATION, DISTRIBUTION, ETC. (IMPRINT) | |
| Name of publisher, distributor, etc | UNESCO Heinemann Educational Books Inc |
| 260 ## - PUBLICATION, DISTRIBUTION, ETC. (IMPRINT) | |
| -- | 1985 |
| 300 ## - PHYSICAL DESCRIPTION | |
| Extent | 865p |
| 942 00 - ADDED ENTRY ELEMENTS (KOHA) | |
| Koha issues (borrowed), all copies | 4 |
| Withdrawn status | Lost status | Source of classification or shelving scheme | Damaged status | Not for loan | Collection code | Home library | Current library | Shelving location | Date acquired | Total Checkouts | Full call number | Barcode | Date last seen | Date checked out | Copy number | Price effective from | Koha item type |
|---|---|---|---|---|---|---|---|---|---|---|---|---|---|---|---|---|---|
| Library of Congress Classification | Main Collection | ARRUPE LIBRARY | ARRUPE LIBRARY | 04/03/2013 | 5 | DT20.G452 1985 V.7 | 46003033727 | 04/10/2022 | 20/09/2022 | 1 | 04/03/2013 | Monograph ( Printed materials) | |||||
| Library of Congress Classification | Main Collection | ARRUPE LIBRARY | ARRUPE LIBRARY | 04/03/2013 | 2 | DT20.G452 1985 V.7 | 46003033811 | 07/12/2017 | 09/11/2017 | 2 | 04/03/2013 | Monograph ( Printed materials) | |||||
| Library of Congress Classification | Main Collection | ARRUPE LIBRARY | ARRUPE LIBRARY | 04/03/2013 | 3 | DT20.G4521985 | 46003033729 | 07/12/2017 | 17/11/2014 | 3 | 04/03/2013 | Monograph ( Printed materials) | |||||
| Library of Congress Classification | SPECIAL Collection | ARRUPE LIBRARY | ARRUPE LIBRARY | REFERENCE | 09/01/2019 | DT20.G452 1985 V.7 | 46600002659 | 09/01/2019 | 4 | 09/01/2019 | SPC |